Hoá vô cơ : Các nguyên tố không chuyển tiếp. t.II /

Spremljeno u:
Bibliografski detalji
Glavni autor: Nguyễn Thị Tố Nga
Format: Sách giấy
Jezik:Vietnamese
Izdano: Tp. HCM : Đại học Quốc gia, 2001
Teme:
Oznake: Dodaj oznaku
Bez oznaka, Budi prvi tko označuje ovaj zapis!
Thư viện lưu trữ: Thư viện Trường Đại học Đà Lạt
LEADER 00767nam a2200313 4500
001 DLU050049634
005 ##20051128
040 # # |a DLU  |b vie 
041 # # |a vie 
044 # # |a vn 
082 # # |a 546  |b NG-N 
100 # # |a Nguyễn Thị Tố Nga 
245 # # |a Hoá vô cơ :  |b Các nguyên tố không chuyển tiếp.  |n t.II /  |c Nguyễn Thị Tố Nga 
260 # # |a Tp. HCM :  |b Đại học Quốc gia,  |c 2001 
300 # # |a 225 tr. ;  |c 21 cm 
653 # # |a Hoá vô cơ 
653 # # |a Nguyên tố hoá học 
923 # # |a 54/2005 
990 # # |a t.II 
992 # # |a 17.500 
994 # # |a DLU 
900 # # |a True 
911 # # |a Đào Thị Thu Huyền 
925 # # |a G 
926 # # |a A 
927 # # |a SH 
980 # # |a Thư viện Trường Đại học Đà Lạt